000 01581nam a2200457 i 4500
001 19302
003 KOSZ 005
005 20201012130657.0
008 000114s1980 pl a f |000 0 pol
015 _aUWD 1981/5554a
035 _a991012783619705066
035 _a(PL-WaBN)b1345433x-48omnis_nlop
035 _ab1345433x
035 _a(OCoLC)830212997
035 _a(PL)b0000001345433
035 _a(EXLNZ-48OMNIS_NETWORK)9910255931705606
040 _aWA N
_cWA N
_dKOSZ 005/HR
041 0 _apol
_brus
_beng
046 _k1980
080 _a536
080 _a544.6
100 1 _aBieniasz, Bogumił
_d(1940- )
_eAutor
245 1 0 _aWykorzystanie elektrolizy i analogii między wymianą ciepła i masy w projektowaniu wymienników ciepła z konwekcją wymuszoną /
_cBogumił Bieniasz.
260 _aRzeszów :
_bWydaw. Uczelniane Politechniki Rzeszowskiej im. Ignacego Łukasiewicza,
_c1980.
300 _a125 s. :
_bil., tab., wykr. ;
_c21 cm.
336 _aTekst
_btxt
_2rdacontent
337 _aBez urządzenia pośredniczącego
_bn
_2rdamedia
338 _aWolumin
_bnc
_2rdacarrier
380 _aKsiążki
388 _a1901-2000
504 _aBibliogr. s. 120-124.
546 _aStreszcz. ros., ang.
650 7 _aWymiana ciepła
_2DBN
650 7 _aElektroliza
650 7 _aWymiennik ciepła
658 _aInżynieria i technika
658 _aFizyka i astronomia
856 _uhttp://koha.tu.koszalin.pl/cgi-bin/koha/opac-detail.pl?biblionumber=19302
_yKatalog online BPK
942 _2UKD
_cKS
999 _c19302
_d19302